000 00445nam a2200181Ia 4500
001 983
005 20260306140558.0
008 260306t2016||||xx |||||||||||||| ||spa||
041 _aESP
082 _a174.9621382
_bR47
100 _aReynolds, George W.
_eAUT
245 0 _aÉtica en la tecnología de la información
260 _c2016
300 _axvi, 482 páginas :
_c27 cm.
650 _aGEN
654 _aCHU
942 _cLIB
_dJUS
_fJUS
_2ddc
_n
999 _c983
_d983